00922nam a2200217 a 450000100060000000300090000600800410001504000280005608200190008411000990010324500500020226000580025230000160031065000570032665000430038365000390042665000560046594200120052199900170053395201540055010743CO-ViMGA141112s2004 ck r 000 u spa d aCO-ViMGAbspacCO-ViMGA04a382.09861 A573 aGobernación de Antioquia, Asamblea Departamental encuentro de dirigentes del suroeste91468710aColombia, Antioquia y la Cuencia del Pacifico aMedellín : bEditorial Nacional de Colombia, c1990 a154p. : il.14aANTIOQUIA - COLOMBIA - CONDICIONES ECONOMICAS91468814aCOLOMBIA - Política COMERCIAL91468914aCOMERCIO EXTERIOR - COLOMBIA9702014aPACIFICO - COLOMBIA - CONDICIONES ECONOMICAS914690 2ddccBK c22001d22001 00102ddc40708003aMEVIECARbMEVIECARd2015-12-04hVolumen. 1 | 11/jun/2009l0o382.09861 A573 p10743r2015-12-04 00:00:00tEj. 1w2015-12-04yBK